00723nam a22002057a 4500003000500000005001700005008004100022010001000063011001000073035001000083040000900093100003000102245017900132260009000311300001400401490002500415650002700440650002500467830002500492CHAP20220817043255.0971013s1981 r 00010 d a70193 a71165 a80719 cCHAP00aEcheverría Zuno, Pablo. aEmpleo y reubicaciónb: una aproximación a los factores de rechazo de la reubicación rural-urbana : el caso del área metropolitana de la ciudad de México: 1940-1970 aMéxico, D. F. :bCentro de Estudios Económicos y Sociales del Tercer Mundo,c1981 app. 21-30 aLecturas del ceestem14aCampesinadozMéxico.14aMigración interna.0 aLecturas del ceestem